01119nam a2200157Ia 4500008004100000020001500041050002000056100002700076245006200103260004400165300001800209500003400227505062600261650003900887650003500926120626s1999 mx 000 0 spa d a9706401237 aHC133 S657 1999 aSolis, Leopoldoeautor aEvolución de la economía mexicana c/ Leopoldo, Solis aMéxicob: El Colegio Nacionalc, 1999 a412 páginas aIncluye: Contenido, Prólogo aLa economía prehispánica y el principio de la Colonia Economía de la Nueva España durante la Colonia La Reforma. Desamortización de los bienes eclesiásticos El Porfiriato: Política económica y evolución productiva. ¿Acaso un antecedente del desarrollo estabilizador? Calles y los cambios institucionales El Cardenismo. Administración del Presidente Lázaro Cárdenas (1934- 1940) Alemán y las condiciones de la unidad nacional Desarrollo estabilizador (1958- 1970) Evolución, extensión y fortalecimiento del Sistema Financiero Desorden fiscal e incertidumbre internacional  0aMÉXICOxCONDICIONES ECONÓMICAS 0aMÉXICOxPOLITICA ECONÓMICA